000 01987nam0a2200325 i 4500
001 RU\NLR\BIBL_A\010825166
005 20240921125651.0
010 _a9785806421259
_9100
021 _aRU
_b2015-51971
_93073
035 _a(NILC)RuMoRGB-007978663
035 _a(NLR Aleph) 010825166
090 _a10260701
_c10260701
100 _a20150825d2015 um y0rusy50 ca
101 0 _arus
_aeng
102 _aRU
105 _ay|||j|||000yy
200 1 _aАнглийский для юристов
_iEnglish in law: Human rights protection
_e[учебно-методическое пособие
_eдля студентов юридических факультетов очного отделения, изучающих английский язык по программе подготовки магистров по направлению 050100 "Педагогическое образование", "Правозащитная деятельность"]
_fМ-во образования и науки Российской Федерации, Российский гос. пед. ун-т им. А. И. Герцена
_g[сост. Андреева А. А. и др.]
210 _aСанкт-Петербург
_cИзд-во РГПУ
_d2015
215 _a48 с.
_cтабл.
_d21
606 1 _aАнглийский язык
_xУчебные издания для юристов
_92396289
_3RU\NLR\AUTH\661428701
686 1 _aШ143.21-93рус329.4
702 1 _4220
_7ca
_8rus
_aАндреева
_bА. А.
_cфилолог
_gАнтонина Андреевна
_9151116
_3RU\NLR\AUTH\770151154
711 0 2 _aРоссийский государственный педагогический университет им. А.И. Герцена
_cСанкт-Петербург
801 0 _aRU
_bРГБ
_c20150720
_gRCR
801 2 _aRU
_bРГБ
_c20150721
_grcr
801 1 _aRU
_bРГБ
_c20150720
_2rusmarc
942 _cBOOK
980 _aNBR